Statistiques concernant Personnages célèbres - Série 48

Cliquez ici pour prendre le quiz!

Statistiques générales

  • Ce quiz a été pris 152 fois
  • Le résultat moyen est 7 sur 15

Statistiques - réponses

Réponse% Correct
Geneviève de Fontenay
92%
Bill Clinton
88%
Ronald Reagan
73%
Sylvie Tellier
58%
Frankenstein
49%
Béatrice Dalle
48%
Eva Green
48%
Laura Smet
48%
Simone Signoret
45%
Léa Seydoux
36%
Bertrand Blier
35%
Alex Ferguson
31%
Elie Chouraqui
22%
Claude Barzotti
17%
Clark Gable
15%

Distribution des résultats

Percentile par nombre de réponses

% des personnes avec chaque résultat

Votre développement - résultats

Vous n’avez pas pris ce quiz